| 000 | 00535nam a2200169 a 4500 | ||
|---|---|---|---|
| 001 | 000032026 | ||
| 005 | 20200930063352.0 | ||
| 008 | 110712s19uu dr d 000 0 spa d | ||
| 040 |
_aDO-SdBNP _bspa _cBNPHU |
||
| 082 |
_axxxx _bA837e |
||
| 110 | 2 |
_aAsociacion Dominicana de Rectores de Universidades _936576 |
|
| 245 | 1 | 0 | _aEducación superior no estatal. |
| 260 |
_a[Santo Domingo : _bs.n., _c19uu?]. |
||
| 300 |
_a[12 p.] : _bgráf. ; _c21 cm. |
||
| 504 | _aIncluye referencias bibliográficas al pie de las páginas | ||
| 049 | _aBNPD | ||
| 999 |
_c31517 _d31517 |
||